00910nam a22002057a 450000500170000000800390001702000180005604000570007404100080013106000110013910000310015024501310018126000510031230000530036350400530041665000480046965000510051765000350056885601010060320180313061554.0131008s2013 sp ad frn 001 0dspa a9788479039707 aCO-BoUCMbspacAngélica RojasdAldemar Mondragón00aspa aWL 1401 aZamorano Zárate, Eduardo00aMovilización neuromeníngea tratamiento de los trastornos mecanosensitivos del sistema nerviosocEduardo Zamorano Zárate aMadrid (España)bMédica Panamericanac2013 axviii, 232 páginasbilustraciones y gráficas aIncluye referencias bibliográficas e índices 2aEnfermedades de los músculosxTratamiento 2aEnfermedades del sistema nerviosoxTratamiento 2aSistema nerviosoxEnfermedades40uwww.medicapanamericana/fisioterapia/zamoranozEste recurso requiere clave, solicitela en la USEB